Les séries les plus vues sur Netflix en 2022 - Statistiques

Statistiques générales
  • Ce quiz a été pris 1 050 fois
  • Le résultat moyen est 2 sur 10
Statistiques - réponses
Place Séries % Correct
1 Stranger Things
92%
2 Wednesday
17%
9 The Umbrella Academy
14%
3 Dahmer
11%
4 La Chronique des Bridgerton
10%
6 Ozark
5%
8 The Sandman
3%
7 The Watcher
3%
10 Virgin River
3%
5 Inventing Anna
2%
Aucun quiz correspondant
Distribution des résultats
% des personnes avec chaque résultat
Percentile par nombre de réponses
Votre historique - résultats
Vous n’avez pas pris ce quiz